5HLuxD.jpg

KING HENRY VIII SENIOR AND PRIMARY SCHOOL LIBRARY OPAC

Red Rackham's treasure / (Record no. 1930)

000 -LEADER
fixed length control field 01163cam a2200337 a 4500
001 - CONTROL NUMBER
control field 3930452
003 - CONTROL NUMBER IDENTIFIER
control field OSt
005 - DATE AND TIME OF LATEST TRANSACTION
control field 20230220092848.0
008 - FIXED-LENGTH DATA ELEMENTS--GENERAL INFORMATION
fixed length control field 920429t19911974maua j 000 0 eng
010 ## - LIBRARY OF CONGRESS CONTROL NUMBER
LC control number 92153460
020 ## - INTERNATIONAL STANDARD BOOK NUMBER
International Standard Book Number 9780316358347
040 ## - CATALOGING SOURCE
Original cataloging agency DLC
Transcribing agency DLC
Modifying agency DLC
-- KH8
041 1# - LANGUAGE CODE
Language code of text/sound track or separate title eng
Language code of original fre
042 ## - AUTHENTICATION CODE
Authentication code lcac
082 00 - DEWEY DECIMAL CLASSIFICATION NUMBER
Classification number 741.5 HER
Edition number 20
100 0# - MAIN ENTRY--PERSONAL NAME
Personal name Hergé,
Dates associated with a name 1907-1983.
Relator term author
240 10 - UNIFORM TITLE
Uniform title Trésor de Rackham le Rouge.
Language of a work English
245 10 - TITLE STATEMENT
Title Red Rackham's treasure /
Statement of responsibility, etc. Hergé ; [translated by Leslie Lonsdale-Cooper and Michael Turner].
260 ## - PUBLICATION, DISTRIBUTION, ETC.
Place of publication, distribution, etc. Boston :
Name of publisher, distributor, etc. Joy Street Books,
Date of publication, distribution, etc. [1991?], c1974.
300 ## - PHYSICAL DESCRIPTION
Extent 62 p. :
Other physical details col. ill. ;
Dimensions 31 cm.
490 1# - SERIES STATEMENT
Series statement The Adventures of Tintin
520 ## - SUMMARY, ETC.
Summary, etc. The fearless boy reporter explores for sunken pirate treasure with his friend Captain Haddock.
650 #1 - SUBJECT ADDED ENTRY--TOPICAL TERM
Topical term or geographic name entry element Buried treasure
General subdivision Fiction.
650 #1 - SUBJECT ADDED ENTRY--TOPICAL TERM
Topical term or geographic name entry element Adventure and adventurers
General subdivision Fiction.
650 #1 - SUBJECT ADDED ENTRY--TOPICAL TERM
Topical term or geographic name entry element Cartoons and comics.
700 1# - ADDED ENTRY--PERSONAL NAME
Personal name Lonsdale-Cooper, Leslie.
700 1# - ADDED ENTRY--PERSONAL NAME
Personal name Turner, Michael.
800 0# - SERIES ADDED ENTRY--PERSONAL NAME
Personal name Hergé,
Dates associated with a name 1907-1983.
Title of a work Aventures de Tintin.
Language of a work English.
906 ## - LOCAL DATA ELEMENT F, LDF (RLIN)
a 7
b cbc
c orignew
d 2
e ncip
f 19
g y-gencatlg
942 ## - ADDED ENTRY ELEMENTS (KOHA)
Source of classification or shelving scheme
Koha item type Books - Non Ficton
Holdings
Withdrawn status Lost status Source of classification or shelving scheme Damaged status Not for loan Collection code Permanent Location Current Location Shelving location Date acquired Total Checkouts Full call number Barcode Date last seen Date last checked out Price effective from Koha item type
          Non-Fiction KH8 Primary School Library KH8 Primary School Library Non Fiction 2023-02-20 12 741.5 HER KHPL000003650 2025-12-05 2023-11-28 2023-02-20 Books - Non Ficton

Powered By KH8 IT Dept